| 000 | 00482nam a2200181Ia 4500 | ||
|---|---|---|---|
| 008 | 170705s9999 xx 000 0 und d | ||
| 020 | _a9780439632423 | ||
| 245 | _aSir Cumference and the sword in the cone : | ||
| 245 | _ba math adventure / | ||
| 245 | _cCindy Neuschwander ; illustrated by Wayne Geehan. | ||
| 260 | _aNew York : | ||
| 260 | _bScholastic, | ||
| 260 | _c2003 | ||
| 300 | _a32 pages : | ||
| 300 | _bcolor illustration ; | ||
| 300 | _c24cm. | ||
| 500 | _a630 | ||
| 999 |
_c336101 _d336101 |
||